[Event "Oruro Baptista Memorial"]
[Site "Oruro"]
[Date "2023.11.02"]
[Round "3"]
[White "Ribera, Miguel Angel"]
[Black "Villca Pereira, Rafael"]
[Result "0-1"]
[WhiteElo "1923"]
[BlackElo "1465"]
[PlyCount "36"]
[EventDate "2023.11.01"]
[EventType "swiss"]
[EventRounds "9"]
[EventCountry "BOL"]
[SourceTitle "Mega2024 Update 01"]
[Source "Chessbase"]
[SourceDate "2023.11.12"]
[SourceVersion "1"]
[SourceVersionDate "2023.11.12"]
[SourceQuality "1"]

1. c4 Nf6 2. Nf3 g6 3. Nc3 Bg7 4. e4 d6 5. d4 0-0 6. Be2 e5 7. 0-0 Nc6 8. d5 Ne7 9. b4 Ne8 10. a4 a5 11. bxa5 Rxa5 12. Nd2 f5 13. Nb3 Ra8 14. Ra3 Nf6 15. Bd3 f4 16. Be2 g5 17. h3 Rf7 18. c5 Bf8 0-1

[Event "Oruro op 4th"]
[Site "Oruro"]
[Date "2023.02.11"]
[Round "6"]
[White "Villca Pereira, Rafael"]
[Black "Ramirez, Maria Eugenia"]
[Result "0-1"]
[WhiteElo "1380"]
[BlackElo "1990"]
[PlyCount "108"]
[EventDate "2023.02.09"]
[EventType "swiss"]
[EventRounds "7"]
[EventCountry "BOL"]
[SourceTitle "CBM 213 Extra"]
[Source "ChessBase"]
[SourceDate "2023.05.31"]
[SourceVersion "1"]
[SourceVersionDate "2023.05.31"]
[SourceQuality "1"]

1. d4 Nf6 2. Bf4 c5 3. e3 e6 4. c3 Nc6 5. Nf3 Qb6 6. Qc2 d6 7. Nbd2 cxd4 8. exd4 Bd7 9. Qb3 Qc7 10. Bd3 Nh5 11. Bg3 h6 12. 0-0 Nxg3 13. fxg3 Be7 14. Rae1 0-0 15. Qc2 Rac8 16. Qd1 Na5 17. Nh4 Bg5 18. Ne4 Bxh4 19. gxh4 f5 20. Ng3 Qb6 21. Rf2 Nc4 22. Qb3 Qxb3 23. axb3 Nb6 24. Nh5 Kf7 25. Nf4 g5 26. hxg5 hxg5 27. Nh3 Kf6 28. Rfe2 Rce8 29. g4 Rh8 30. Nf2 Nd5 31. gxf5 exf5 32. Rxe8 Bxe8 33. Ra1 a6 34. Ra5 Bc6 35. b4 Ne3 36. b5 axb5 37. Bxb5 Bf3 38. Bd3 g4 39. c4 Rg8 40. Nh1 f4 41. Nf2 Re8 42. h3 g3 43. Ng4+ Nxg4 44. Rf5+ Kg7 45. Rg5+ Kf7 46. Bg6+ Kf6 47. Bxe8 Kxg5 48. hxg4 Kxg4 49. d5 b6 50. Bd7+ Kg5 51. b3 Be4 52. b4 f3 53. b5 f2+ 54. Kf1 Bd3+ 0-1

[Event "BOL-ch U16"]
[Site "Cochabamba"]
[Date "2023.01.15"]
[Round "7"]
[White "Villca Pereira, Rafael"]
[Black "Rocha Correa, Jhonn Gregor"]
[Result "1-0"]
[WhiteElo "1347"]
[BlackElo "1290"]
[PlyCount "36"]
[EventDate "2023.01.13"]
[EventType "swiss"]
[EventRounds "7"]
[EventCountry "BOL"]
[SourceTitle "EXT 2024"]
[Source "ChessBase"]
[SourceDate "2023.10.10"]
[SourceVersion "1"]
[SourceVersionDate "2023.10.10"]
[SourceQuality "1"]

1. d4 d5 2. Bf4 Bf5 3. e3 e6 4. c4 c6 5. Qb3 Qb6 6. c5 Qxb3 7. axb3 Nd7 8. Nc3 f6 9. Nf3 e5 10. Bg3 Nh6 11. b4 exd4 12. Nxd4 Kf7 13. Be2 g6 14. Bf3 Be7 15. Nxd5 Ne5 16. Bxe5 fxe5 17. Nxf5 Nxf5 18. Nxe7 Nxe7 1-0

[Event "BOL-ch U16"]
[Site "Cochabamba"]
[Date "2023.01.15"]
[Round "6"]
[White "Yujra Paredez, Ignacio Tadeo"]
[Black "Villca Pereira, Rafael"]
[Result "1-0"]
[WhiteElo "1590"]
[BlackElo "1347"]
[PlyCount "30"]
[EventDate "2023.01.13"]
[EventType "swiss"]
[EventRounds "7"]
[EventCountry "BOL"]
[SourceTitle "EXT 2024"]
[Source "ChessBase"]
[SourceDate "2023.10.10"]
[SourceVersion "1"]
[SourceVersionDate "2023.10.10"]
[SourceQuality "1"]

1. g3 Nf6 2. Bg2 g6 3. e4 d6 4. Nc3 Bg7 5. f4 Nc6 6. d3 e5 7. Nf3 Bg4 8. h3 Bxf3 9. Qxf3 Nd4 10. Qf2 c5 11. 0-0 Qc7 12. fxe5 dxe5 13. Bg5 Ng8 14. Nd5 Qd7 15. Be7 f5 1-0